Тезисы докладов и сообщений на всесоюзной научно-технической конференции "Повышение надежности и долговечности металлорежущих станков и автоматических линий". Москва, 19-21 июля 1962 г. (Запись № 9485084)
[ простой вид ]
| 000 -МАРКЕР | |
|---|---|
| контрольное поле | 01724nam1a22002651 4500 |
| 001 - ИДЕНТИФИКАТОР ЗАПИСИ | |
| контрольное поле | rc\4730009 |
| 005 - ИДЕНТИФИКАТОР ВЕРСИИ | |
| контрольное поле | 20260515141829.0 |
| 035 ## - ДРУГИЕ СИСТЕМНЫЕ НОМЕРА | |
| Идентификатор записи | (NLR Aleph) 008732557 |
| 100 ## - ДАННЫЕ ОБЩЕЙ ОБРАБОТКИ | |
| Данные общей обработки | 20130416d1962 u y0rusy50 ca |
| 101 0# - ЯЗЫК РЕСУРСА | |
| Язык текста, звукозаписи и т.д. | русский |
| 102 ## - СТРАНА ПУБЛИКАЦИИ ИЛИ ПРОИЗВОДСТВА | |
| Страна публикации | Российская Федерация |
| 105 ## - ПОЛЕ КОДИРОВАННЫХ ДАННЫХ: ТЕКСТОВЫЕ МАТЕРИАЛЫ, МОНОГРАФИЧЕСКИЕ | |
| Кодированные данные о монографическом текстовом документе | y z ||||| |
| 200 1# - ЗАГЛАВИЕ И СВЕДЕНИЯ ОБ ОТВЕТСТВЕННОСТИ | |
| Основное заглавие | Тезисы докладов и сообщений на всесоюзной научно-технической конференции "Повышение надежности и долговечности металлорежущих станков и автоматических линий". Москва, 19-21 июля 1962 г. |
| Сведения, относящиеся к заглавию | [В 2 сб.] |
| -- | Сб. 1- |
| Первые сведения об ответственности | Центр. правл. Науч.-техн. о-ва машиностроит. пром-сти. Секция ремонта и модернизации оборудования. Выставка достижений нар. хозяйства СССР. Упр. по разделу пром-сти и транспорта |
| 210 ## - ПУБЛИКАЦИЯ, РАСПРОСТРАНЕНИЕ И ДР. | |
| Место издания, распространения и т.д. | Москва |
| Имя издателя, распространителя и т. д. | Б. и. |
| Дата издания, распространения и т.д. | 1962 |
| 215 ## - ФИЗИЧЕСКАЯ ХАРАКТЕРИСТИКА | |
| Размеры | 22 |
| 606 ## - НАИМЕНОВАНИЕ ТЕМЫ КАК ПРЕДМЕТ | |
| Наименование темы | Станочные линии, автоматические |
| Тематический подзаголовок | Надежность |
| Формальный подзаголовок | Сборники |
| Код системы | psbo |
| 606 ## - НАИМЕНОВАНИЕ ТЕМЫ КАК ПРЕДМЕТ | |
| Наименование темы | Металлорежущие станки |
| Тематический подзаголовок | Надежность |
| Формальный подзаголовок | Сборники |
| Код системы | psbo |
| 710 12 - НАИМЕНОВАНИЕ ОРГАНИЗАЦИИ - ПЕРВИЧНАЯ ОТВЕТСТВЕННОСТЬ | |
| Начальный элемент ввода | "Повышение надежности и долговечности металлорежущих станков и автоматических линий", всесоюзная научно-техническая конференция |
| Место проведения временной организации | Москва |
| Дата проведения временной организации | 1962 |
| Системный номер авторитетной/нормативной записи | 485679 |
| Идентификатор авторитетной/нормативной записи | RU\NLR\AUTH\880409935 |
| 801 #0 - ИСТОЧНИК ЗАПИСИ | |
| Страна | Российская Федерация |
| Организация | NLR |
| Правила каталогизации | psbo |
| 801 #1 - ИСТОЧНИК ЗАПИСИ | |
| Страна | Российская Федерация |
| Организация | ELAR |
| Источник данных | rusmarc |
| 852 ## - МЕСТОНАХОЖДЕНИЕ И ШИФР ХРАНЕНИЯ | |
| Идентификатор организации | NLR |
| Шифр хранения (Call Number) | 62-5/3841 |
| 942 ## - ДОПОЛНИТЕЛЬНЫЕ ЭЛЕМЕНТЫ ЗАПИСИ (АБИС) | |
| Тип экземпляра АБИС | Книга |
| 980 ## - КОЛЛЕКЦИЯ | |
| Название коллекции | Национальная библиография |
Нет доступных экземпляров.